000 00656nam a2200253Ia 4500
001 15520
005 20240113235630.0
007 ta
008 051208s g b000 u asm u
040 _aCotton College,Assam
041 _aasm
082 _a891.4126
_bB 288 T
100 _aBarua, Chandradhar .
245 0 _aTilottama Sambhav /
_cChandradhar Barua.
_hTextual Documents
250 _a1st ed. /
260 _aDibrugarh :
_bSibnath Bhattacharjee ,
_cnd.
300 _a102p. ;
_c17cm.
653 _aAssamese Drama
653 _aG-Assamese
942 _2ddc
_cBK
999 _c15506
_d15506